000 01961cam a2200181 4500500
005 20260322001759.0
041 _afre
042 _adc
100 1 0 _aDémas, Juliette
_eauthor
700 1 0 _aFerenc, Tori
_eauthor
245 0 0 _aHope not Hate. Les leçons de l’antifascisme britannique
260 _c2026.
500 _a99
520 _aDepuis le XIXe siècle, plus de soixante-dix États ont choisi de déménager leur capitale, soit plus d’un tiers des 193 États représentés de nos jours à l’ONU. Les exemples ne manquent pas : Abidjan/Yamoussoukro, Kyoto/Tokyo, Istanbul/Ankara, Rangoon/Naypyidaw, Obock/Djibouti, Fès/Rabat ou Almaty/Astana. Le déménagement le plus récent, particulièrement médiatisé, est celui de Jakarta, la capitale indonésienne, pour Nusantara, sur l’île de Bornéo, officiellement inaugurée en août 2024. Montée des eaux, conflit politique ou succession dynastique, volonté de se moderniser … comment expliquer la détermination d’un États à déménager une capitale, à changer de lieu d’exercice du pouvoir ? S’agit-il d’un geste avant tout politique ou symbolique ?
520 _aSince the 19th century, more than seventy states have chosen to relocate their capital cities – representing more than a third of the 193 states currently represented at the UN. The most recent relocation has been a high-profile one, with the former Indonesian capital of Jakarta giving way to the new capital Nusantara on the island of Borneo, which was officially inaugurated in August 2024. Indonesia is not alone in taking such a step. How can we explain a political power’s desire to relocate a capital city, to change the seat of power ? Is this gesture primarily political, or primarily symbolic ?
786 0 _nSocialter | Hors-série | HS20 | 2026-02-13 | p. 110-117 | 2270-6410
856 4 1 _uhttps://shs.cairn.info/magazine-socialter-2026-hs20-page-110?lang=fr&redirect-ssocas=7080
999 _c1717746
_d1717746